000 00334nam a22001577a 4500
003 SGT
020 _a9788131264492
082 _a616.07
_bW23P
100 _aPATEL, MANSUKH B.
245 _aWARD PROCEDURES
250 _a7TH
260 _aINDIA
_bJAYPEE PUB
_c2023
300 _a419
650 _aHOSPITAL WARD
942 _2ddc
_cBK
999 _c27341
_d27341